Online
Catalog

La casa de Bernarda Alba : (Record no. 7654)

MARC details
000 -CABECERA
campo de control de longitud fija 01031cam a2200277 a 4500
001 - NÚMERO DE CONTROL
campo de control 000007876
005 - FECHA Y HORA DE LA ÚLTIMA TRANSACCIÓN
campo de control 20210409114020.0
008 - DATOS DE LONGITUD FIJA--INFORMACIÓN GENERAL
campo de control de longitud fija 830301s1981 sp a b 001 d spa d
020 ## - NÚMERO INTERNACIONAL ESTÁNDAR DEL LIBRO
Número Internacional Estándar del Libro 8420633585
040 ## - FUENTE DE LA CATALOGACIÓN
Centro catalogador/agencia de origen DO-SdBNP
Lengua de catalogación spa
Centro/agencia transcriptor DLC
Centro/agencia modificador BNPHU
082 ## - NÚMERO DE LA CLASIFICACIÓN DECIMAL DEWEY
Número de clasificación 862.62
Número de documento/Ítem G216c
049 ## - FONDOS LOCALES (OCLC)
Fondos de biblioteca BNGR
100 ## - ENTRADA PRINCIPAL--NOMBRE DE PERSONA
Nombre de persona García Lorca, Federico,
Fechas asociadas al nombre 1898-1936
9 (RLIN) 14727
245 13 - MENCIÓN DE TÍTULO
Título La casa de Bernarda Alba :
Resto del título drama de mujeres en los pueblos de España /
Mención de responsabilidad, etc. Federico García Lorca ; edición de Mario Hernández.
260 ## - PUBLICACIÓN, DISTRIBUCIÓN, ETC.
Lugar de publicación, distribución, etc. Madrid :
Nombre del editor, distribuidor, etc. Alianza,
Fecha de publicación, distribución, etc. c1981.
300 ## - DESCRIPCIÓN FÍSICA
Extensión 183 p. :
Otras características físicas il. ;
Dimensiones 18 cm.
490 13 - MENCIÓN DE SERIE
Mención de serie El libro de bolsillo.
-- Biblioteca García Lorca
504 ## - NOTA DE BIBLIOGRAFÍA, ETC.
Nota de bibliografía, etc. Incluye referencias bibliográficas.
500 ## - NOTA GENERAL
Nota general El primer ejemplar es la segunda reimpresión de 1999.
650 #4 - PUNTO DE ACCESO ADICIONAL DE MATERIA--TÉRMINO DE MATERIA
Término de materia o nombre geográfico como elemento de entrada Teatro español
9 (RLIN) 3071
650 #4 - PUNTO DE ACCESO ADICIONAL DE MATERIA--TÉRMINO DE MATERIA
Término de materia o nombre geográfico como elemento de entrada Literatura española
Subdivisión cronológica SIGLO XX
9 (RLIN) 3326
700 1# - PUNTO DE ACCESO ADICIONAL--NOMBRE DE PERSONA
Nombre de persona Hernández, Mario,
Fechas asociadas al nombre 1945-
9 (RLIN) 21656
830 #0 - PUNTO DE ACCESO ADICIONAL DE SERIE-TÍTULO UNIFORME
Título uniforme El libro Biblioteca de bolsillo
Nombre de parte o sección de la obra Biblioteca García Lorca
9 (RLIN) 21657
910 ## - DATOS DE OPCIÓN DEL USUARIO (OCLC)
Datos de opción del usuario Catalogación derivada
910 ## - DATOS DE OPCIÓN DEL USUARIO (OCLC)
Datos de opción del usuario WM
Holdings
Estado de retiro Estado de pérdida Restricciones de uso No para préstamo Código de colección Localización permanente Ubicación/localización actual Ubicación en estantería Fecha de adquisición Número de inventario Total de préstamos Signatura topográfica completa Código de barras Fecha visto por última vez Precio válido a partir de Tipo de ítem Koha
    Préstamo interno   Monografías: Libros y Folletos General General Depósito 11.09.2009 LF1   862.62 G216c 7876-10 25.06.2020 25.06.2020 Préstamo interno

Powered by Koha